| 000 | 00531pab a2200181 454500 | ||
|---|---|---|---|
| 008 | 180718b2014 xxu||||| |||| 00| 0 eng d | ||
| 100 | _aNarain, Kumar Amarendra | ||
| 245 | _aSocio-economic condition of scheduled caste agriculture labourers of Bihar: A case study | ||
| 260 | _c2014 | ||
| 300 | _ap.38-41. | ||
| 362 | _aJun | ||
| 650 | _aAgricultural workers - Case studies | ||
| 650 | _aAgricultural workers - India - Bihar | ||
| 650 | _aAgricultural workers | ||
| 773 | _aKurukshetra | ||
| 908 | _aN | ||
| 909 | _a104457 | ||
| 999 |
_c104453 _d104453 |
||